Indovina la città - Due indizi - Statistics

Statistiche generali
  • Questo quiz è stato fatto 65 volte
  • Il punteggio medio è 3 su 10
Statistiche sulle risposte
Risposta % Corretto
Como
93%
Messina
33%
Rimini
31%
Roma
26%
Imperia
17%
Taranto
13%
Bologna
11%
Enna
11%
Carrara
9%
Verbania
6%
Nessun quiz corrispondente trovato
Distribuzione punteggi
Percentuale di utenti per punteggio
Percentile per numero di risposta
I tuoi punteggi nel tempo
Non hai fatto questo quiz